Practical cardiovascular pathology. -- 2nd ed. (Record no. 32426)

MARC details
000 -LEADER
fixed length control field 00707nam a2200193 a 4500
008 - FIXED-LENGTH DATA ELEMENTS--GENERAL INFORMATION
fixed length control field 120228s2011 ||||||||||||||||| || u
020 ## - INTERNATIONAL STANDARD BOOK NUMBER
International Standard Book Number 9780340981931
050 ## - LIBRARY OF CONGRESS CALL NUMBER
Classification number RC 669.9 She
100 ## - MAIN ENTRY--PERSONAL NAME
Personal name Sheppard, Mary N
245 10 - TITLE STATEMENT
Title Practical cardiovascular pathology. -- 2nd ed.
Statement of responsibility, etc. by Mary N. Sheppard
250 ## - EDITION STATEMENT
Edition statement 2nd ed.
260 ## - PUBLICATION, DISTRIBUTION, ETC.
Place of publication, distribution, etc. London:
Name of publisher, distributor, etc. Hodder Arnold
Date of publication, distribution, etc. 2011
300 ## - PHYSICAL DESCRIPTION
Extent iv, 340p.: ill.
350 ## -
-- 0.00
650 ## - SUBJECT ADDED ENTRY--TOPICAL TERM
Topical term or geographic name entry element CARDIOVASCULAR SYSTEM--DISEASES
650 ## - SUBJECT ADDED ENTRY--TOPICAL TERM
Topical term or geographic name entry element HEART DISEASES
650 ## - SUBJECT ADDED ENTRY--TOPICAL TERM
Topical term or geographic name entry element MEDICINE
995 ## -
-- MEDICAL LIBRARY OPEN ACCESS
-- 0.00
-- 901658
-- CBU-SCHOOL OF MEDICINE LIBRARY (Ndola)
-- 1
-- 0.00
-- RC 669.9 She
-- 1
-- AVAILABLE
-- Mar 23, 2012
-- 901658
-- Medical Library Open Access Collection
999 ## -
-- 32426
-- 32426
Holdings
Withdrawn status Lost status Source of classification or shelving scheme Damaged status Not for loan Permanent Location Current Location Shelving location Date acquired Total Checkouts Full call number Barcode Date last seen Price effective from Koha item type
          CBU-SCHOOL OF MEDICINE LIBRARY, NDOLA. CBU-SCHOOL OF MEDICINE LIBRARY, NDOLA.   11/30/2022   RC 669.9 She 901658 11/30/2022 11/30/2022 MONOGRAPH